[Event "XXIV MEMORIAL J. KOCHANA"]
[Site "Koszalin"]
[Date "2013.08.17"]
[Round "9.10"]
[White "Wacior, Maciej"]
[Black "Januszkiewicz, Wojciech"]
[Result "0-1"]
[WhiteElo "1797"]
[BlackElo "1841"]
[PlyCount "70"]
[EventDate "2013.??.??"]

1. d4 Nf6 2. Nf3 e6 3. Bg5 Be7 4. e3 b6 5. Bd3 Bb7 6. O-O c5 7. c3 h6 8. Bh4
O-O 9. Nbd2 d6 10. Qc2 Nc6 11. Rad1 Rc8 12. a3 a6 13. dxc5 bxc5 14. Nc4 d5 15.
Nce5 Nxe5 16. Nxe5 Qc7 17. f4 c4 18. Be2 Qb6 19. Bf2 Bc5 20. Qc1 Rfd8 21. Nf3
Bc6 22. Nd4 Ba4 23. Rde1 Rb8 24. Bd1 Bxd1 25. Rxd1 Bxd4 26. exd4 Ne4 27. b4
cxb3 28. Qb2 Rdc8 29. Rd3 Rc4 30. Rc1 Ra4 31. Be1 Qd6 32. g3 Rxa3 33. Ra1 Rxa1
34. Qxa1 b2 35. Qb1 a5 0-1

[Event "XXIV MEMORIAL J. KOCHANA"]
[Site "Koszalin"]
[Date "2013.08.17"]
[Round "9.11"]
[White "Mielczarski, Miroslaw"]
[Black "Przerwa, Waldemar"]
[Result "1-0"]
[WhiteElo "2241"]
[BlackElo "1779"]
[PlyCount "67"]
[EventDate "2013.??.??"]

1. d4 g6 2. c4 Nf6 3. Nc3 Bg7 4. e4 d6 5. Nf3 O-O 6. Be2 c5 7. d5 e6 8. O-O
exd5 9. cxd5 a6 10. a4 Re8 11. Nd2 g5 12. Re1 h6 13. a5 b6 14. axb6 Nbd7 15.
Bb5 Qxb6 16. Nc4 Qb8 17. Bc6 Ra7 18. f4 Nh7 19. e5 dxe5 20. fxg5 hxg5 21. Ne4
f6 22. Be3 Rd8 23. Nxc5 Nxc5 24. Bxc5 Rf7 25. Bb6 Rdf8 26. d6 Be6 27. Bd5 Qc8
28. Bc7 Bxd5 29. Qxd5 Qa8 30. Red1 Qa7+ 31. Bb6 Qd7 32. Rxa6 Qb7 33. Qxb7 Rxb7
34. d7 1-0

[Event "XXIV MEMORIAL J. KOCHANA"]
[Site "Koszalin"]
[Date "2013.08.17"]
[Round "9.12"]
[White "Lebiedowicz, Borys"]
[Black "Smal, Tobiasz"]
[Result "1-0"]
[WhiteElo "1781"]
[BlackElo "1928"]
[PlyCount "55"]
[EventDate "2013.??.??"]

1. e4 c5 2. Nf3 e6 3. d4 cxd4 4. Nxd4 Nf6 5. Nc3 d6 6. Bg5 a6 7. Qd2 Be7 8.
O-O-O Nbd7 9. f4 Qc7 10. Bd3 h6 11. Bxf6 Bxf6 12. Nce2 Nc5 13. g4 Bd7 14. h4 g6
15. g5 hxg5 16. hxg5 Bxd4 17. Nxd4 O-O-O 18. Qc3 Rxh1 19. Rxh1 Bc6 20. Nxc6
Qxc6 21. Rh7 Rd7 22. Rh8+ Kc7 23. Qa5+ b6 24. Qc3 d5 25. Bxa6 Rd8 26. Qe5+ Kd7
27. exd5 exd5 28. Bb5 1-0

[Event "XXIV MEMORIAL J. KOCHANA"]
[Site "Koszalin"]
[Date "2013.08.17"]
[Round "9.13"]
[White "Bartoszewicz, Marcin"]
[Black "Smolenski, Filip"]
[Result "1-0"]
[WhiteElo "1878"]
[BlackElo "1555"]
[PlyCount "77"]
[EventDate "2013.??.??"]

1. e4 e5 2. Nf3 Nc6 3. Bb5 f5 4. d4 fxe4 5. Nxe5 Nxe5 6. dxe5 c6 7. Nc3 cxb5 8.
Nxe4 d5 9. exd6 Bf5 10. Qe2 Bxe4 11. Qxe4+ Kf7 12. Qxb7+ Kg6 13. Qe4+ Kf7 14.
Qd5+ Kg6 15. h4 h5 16. Bg5 Nf6 17. Qd3+ Kf7 18. O-O-O Qd7 19. Qb3+ Kg6 20. Rh3
Kh7 21. Kb1 Qg4 22. Rf3 Re8 23. a3 Qc4 24. Qxc4 bxc4 25. Rd4 Rd8 26. Rxc4 Bxd6
27. Bxf6 gxf6 28. Rxf6 Kg7 29. Rf5 Kg6 30. Rg5+ Kf6 31. Rc6 Ke7 32. Rg7+ Ke6
33. Rxa7 Rhg8 34. g3 Kd5 35. Rc3 Rdf8 36. Rd3+ Ke6 37. Ra6 Rd8 38. c4 Ke5 39.
f4+ 1-0

[Event "XXIV MEMORIAL J. KOCHANA"]
[Site "Koszalin"]
[Date "2013.08.17"]
[Round "9.14"]
[White "Fronczak, Sebastian"]
[Black "Kozlowski, Konrad"]
[Result "1-0"]
[WhiteElo "1859"]
[BlackElo "1515"]
[PlyCount "67"]
[EventDate "2013.??.??"]

1. e4 e5 2. Nf3 Nc6 3. Bb5 a6 4. Bxc6 dxc6 5. O-O Bg4 6. h3 h5 7. d3 Bxf3 8.
Qxf3 Qd7 9. Be3 O-O-O 10. Rd1 f6 11. h4 Ne7 12. Nd2 Kb8 13. a3 Ng6 14. g3 Bd6
15. c4 Rdf8 16. c5 Be7 17. Qf5 Qe8 18. b4 Rfg8 19. a4 Nf8 20. Rdb1 g6 21. Qf3
Ne6 22. Qd1 Nd4 23. Bxd4 exd4 24. Qc2 Qd7 25. b5 cxb5 26. axb5 Ka7 27. bxa6 b6
28. cxb6+ cxb6 29. Rxb6 Kxb6 30. Rb1+ Ka7 31. Rb7+ Qxb7 32. axb7 Kxb7 33. Nf3
Rd8 34. Qc4 1-0

[Event "XXIV MEMORIAL J. KOCHANA"]
[Site "Koszalin"]
[Date "2013.08.17"]
[Round "9.15"]
[White "Koszowski, Krystian"]
[Black "Stefanoff, Zdzislaw"]
[Result "1-0"]
[WhiteElo "1721"]
[BlackElo "1512"]
[PlyCount "113"]
[EventDate "2013.??.??"]

1. e4 c5 2. Nf3 e6 3. d4 cxd4 4. Nxd4 Bc5 5. Be3 Qb6 6. b3 Nc6 7. c3 Nf6 8. Qd3
O-O 9. Nd2 a6 10. b4 Bxd4 11. Bxd4 Qc7 12. Bc5 Re8 13. Bd6 Qd8 14. c4 Qb6 15.
Bc5 Qc7 16. Be2 Ne5 17. Qd4 Nc6 18. Qd3 Ne5 19. Qd6 Qxd6 20. Bxd6 Nc6 21. e5
Nd4 22. Bd1 Nf5 23. Bc7 d5 24. exf6 gxf6 25. O-O Bd7 26. cxd5 exd5 27. Bb3 Bc6
28. Rfe1 Rxe1+ 29. Rxe1 Rc8 30. Bb6 Kg7 31. Bc5 Rb8 32. g4 Nh4 33. Bd4 h6 34.
Re3 Ng6 35. Nf3 Rc8 36. h4 Nf4 37. g5 hxg5 38. hxg5 Bd7 39. Bxf6+ Kg8 40. Bb2
Nh3+ 41. Kf1 Bb5+ 42. Ke1 Nf4 43. Kd2 Nh3 44. Nd4 Nxf2 45. Nxb5 axb5 46. Ke1
Ng4 47. Re7 Rd8 48. Bd1 Kf8 49. Bxg4 Kxe7 50. Bf6+ Ke8 51. Bxd8 Kxd8 52. Bf3
Ke7 53. Bxd5 b6 54. Bc6 Ke6 55. Bxb5 Kf5 56. Bc4 Kxg5 57. Bxf7 {...} 1-0

[Event "XXIV MEMORIAL J. KOCHANA"]
[Site "Koszalin"]
[Date "2013.08.17"]
[Round "9.16"]
[White "Grzesik, Gracjan"]
[Black "Lanica, Lukasz"]
[Result "0-1"]
[WhiteElo "1446"]
[BlackElo "1691"]
[PlyCount "102"]
[EventDate "2013.??.??"]

1. c4 e5 2. g3 f5 3. Bg2 Nf6 4. d3 Bb4+ 5. Bd2 Bxd2+ 6. Qxd2 O-O 7. Nc3 d6 8.
e3 Nc6 9. Nge2 Rb8 10. O-O Ne7 11. f4 Be6 12. fxe5 dxe5 13. b3 c6 14. d4 Qc7
15. Rad1 b5 16. d5 Rfd8 17. d6 Qb6 18. cxb5 cxb5 19. h3 Rd7 20. Qd3 a6 21. Kh2
Rbd8 22. e4 Qxd6 23. Qxd6 Rxd6 24. exf5 Nxf5 25. Rxd6 Rxd6 26. Rd1 b4 27. Rxd6
Nxd6 28. Na4 Bd5 29. Nc1 Bxg2 30. Kxg2 e4 31. Kf2 Nd5 32. Ne2 Kf7 33. Nd4 Kf6
34. Nc5 Nc7 35. Nc6 a5 36. Nxa5 Ke5 37. Nd7+ Kd4 38. Nc6+ Kc3 39. Ke3 Nd5+ 40.
Ke2 Nf5 41. g4 Nd4+ 42. Nxd4 Kxd4 43. Kd2 Nc3 44. Nb6 e3+ 45. Ke1 Nxa2 46. Nc4
Nc1 47. Na5 Kc3 48. h4 Nxb3 49. Nxb3 Kxb3 50. Ke2 Kc2 51. Kxe3 b3 0-1

[Event "XXIV MEMORIAL J. KOCHANA"]
[Site "Koszalin"]
[Date "2013.08.17"]
[Round "9.17"]
[White "Ziemba, Artur"]
[Black "Kwiatkowski, Marek"]
[Result "1-0"]
[WhiteElo "1667"]
[BlackElo "1434"]
[PlyCount "95"]
[EventDate "2013.??.??"]

1. d4 e6 2. c4 d5 3. Nf3 Nf6 4. g3 Bb4+ 5. Bd2 Bxd2+ 6. Nbxd2 Nc6 7. Bg2 O-O 8.
O-O Bd7 9. Re1 Ne7 10. Qc2 Ng6 11. Rad1 Rc8 12. b4 Qe8 13. Qb2 dxc4 14. Nxc4
Bb5 15. Rc1 Bxc4 16. Rxc4 c6 17. Rec1 Qe7 18. b5 Qd7 19. Qc2 Qd5 20. a4 Ne7 21.
Ne5 Qd6 22. e3 Nfd5 23. bxc6 bxc6 24. Nxc6 Nxc6 25. Rxc6 Rxc6 26. Qxc6 Qa3 27.
Bxd5 exd5 28. Rb1 Qd3 29. Rc1 Qb3 30. a5 Qa2 31. a6 h6 32. Qb7 Qa3 33. Rc5 Qa2
34. Rxd5 Kh7 35. Rc5 Re8 36. h4 Re6 37. Rc6 Qa1+ 38. Kg2 Re8 39. Qxf7 Rg8 40.
Qb7 Qa2 41. Rc7 Kh8 42. Rc8 Kh7 43. Rxg8 Qxg8 44. d5 Qe8 45. d6 Kg6 46. d7 Qe7
47. h5+ Kf7 48. Qd5+ 1-0

[Event "XXIV MEMORIAL J. KOCHANA"]
[Site "Koszalin"]
[Date "2013.08.17"]
[Round "9.18"]
[White "Cwirko, Mateusz"]
[Black "Kubiak, Jakub"]
[Result "0-1"]
[WhiteElo "1420"]
[BlackElo "1531"]
[PlyCount "97"]
[EventDate "2013.??.??"]

1. e4 c5 2. Nf3 d6 3. d4 cxd4 4. Nxd4 Nf6 5. Nc3 a6 6. Be3 e5 7. Nb3 Be6 8. Be2
Be7 9. O-O O-O 10. Bg5 Nbd7 11. Bxf6 Nxf6 12. Bd3 Qc7 13. Ne2 b5 14. Kh1 Rac8
15. Qd2 Bc4 16. f3 Rfd8 17. Qa5 Qxa5 18. Nxa5 Bxd3 19. cxd3 Rc2 20. Ng3 Rxb2
21. Nc6 Rd7 22. Nf5 Bf8 23. Nb8 Rc7 24. Nxa6 Rc6 25. Nb8 Rb6 26. a3 Rxb8 27. h3
g6 28. Ng3 Rc8 29. a4 b4 30. a5 Bh6 31. a6 Bf4 32. a7 Ra8 33. Kh2 Nh5 34. Kg1
Nxg3 35. Rfd1 Be3+ 36. Kh2 Ne2 37. Re1 Rxa7 38. Rad1 b3 39. Ra1 Rxa1 40. Rxa1
Rc2 41. Rb1 b2 42. h4 Nc3 43. Rxb2 Rxb2 44. h5 f5 45. hxg6 hxg6 46. d4 Bf4+ 47.
Kh3 fxe4 48. g3 Be3 49. fxe4 0-1

[Event "XXIV MEMORIAL J. KOCHANA"]
[Site "Koszalin"]
[Date "2013.08.17"]
[Round "9.19"]
[White "Luczak, Filip"]
[Black "Pijewski, Milosz"]
[Result "0-1"]
[WhiteElo "1360"]
[BlackElo "1516"]
[PlyCount "120"]
[EventDate "2013.??.??"]

1. e4 c6 2. d4 d5 3. Nc3 dxe4 4. Nxe4 Bf5 5. Ng3 Bg6 6. h4 h6 7. h5 Bh7 8. Nf3
Nd7 9. Bd3 Bxd3 10. Qxd3 e6 11. Bf4 Qa5+ 12. Qd2 Qxd2+ 13. Kxd2 Ngf6 14. Rae1
Nd5 15. Ne2 N7f6 16. Ref1 O-O-O 17. c3 Nxf4 18. Nxf4 Bd6 19. Nd3 Nd7 20. b4 e5
21. dxe5 Nxe5 22. Nfxe5 Bxe5 23. Kc2 Bf6 24. Rd1 Rd6 25. Nc5 Rhd8 26. Rxd6 Rxd6
27. Re1 b6 28. Ne4 Re6 29. f3 Be7 30. Rd1 Kc7 31. g4 Re5 32. Ng3 g6 33. Rh1 Re3
34. Rf1 Bh4 35. Ne4 Re2+ 36. Kb3 gxh5 37. Rg1 Re3 38. Rh1 Bd8 39. Rxh5 Rxf3 40.
Rxh6 Rf4 41. Nd2 Rxg4 42. Rh7 Rf4 43. Nc4 Rf5 44. Ne3 Rf6 45. Nc4 Kd7 46. Ne5+
Ke7 47. Ng4 Rf5 48. Nh6 Rf4 49. Rg7 Ke6 50. Rg2 Bc7 51. Rg8 Rf6 52. Rh8 Rg6 53.
Rh7 Rf6 54. Ng4 Rf4 55. Rh6+ f6 56. Rh7 Bd6 57. Ne3 a5 58. bxa5 bxa5 59. a4 Rf3
60. Nc4 Bb4 0-1

[Event "XXIV MEMORIAL J. KOCHANA"]
[Site "Koszalin"]
[Date "2013.08.17"]
[Round "9.20"]
[White "Tymrakiewicz, Marcin"]
[Black "Trembowiecka-Wysota, Aleksandra"]
[Result "0-1"]
[WhiteElo "1936"]
[BlackElo "1404"]
[PlyCount "42"]
[EventDate "2013.??.??"]

1. d4 Nf6 2. Nf3 g6 3. Nc3 d5 4. Bf4 Bg7 5. e3 O-O 6. Be2 Bd7 7. Ne5 Nc6 8.
Nxd7 Qxd7 9. Qd2 Rfe8 10. O-O e5 11. dxe5 Nxe5 12. Rfd1 c6 13. h3 b5 14. a4 b4
15. Na2 a5 16. c3 Ne4 17. Qc1 b3 18. c4 bxa2 19. cxd5 Rec8 20. Rxa2 cxd5 21.
Qb1 Qe6 0-1

[Event "XXIV MEMORIAL J. KOCHANA"]
[Site "Koszalin"]
[Date "2013.08.17"]
[Round "9.21"]
[White "Bilczewska, Olga"]
[Black "Zimochocki, Roman"]
[Result "0-1"]
[WhiteElo "1223"]
[BlackElo "1775"]
[PlyCount "78"]
[EventDate "2013.??.??"]

1. e4 c6 2. d4 d5 3. Nc3 dxe4 4. Nxe4 Nf6 5. Nxf6+ gxf6 6. Nf3 Bg4 7. h3 Bh5 8.
Bc4 Qc7 9. g3 e6 10. Qd3 Bd6 11. Bh6 Nd7 12. O-O-O O-O-O 13. Bd2 Kb8 14. Qb3
Rc8 15. Rhe1 b5 16. Bf1 a5 17. a4 b4 18. g4 Bg6 19. Bg2 c5 20. Be3 c4 21. Qa2
Be4 22. Rd2 Qc6 23. d5 Bxd5 24. Nd4 Qb7 25. Bxd5 exd5 26. Nb5 Bc7 27. Nxc7 Rxc7
28. Bf4 Ne5 29. Bxe5 fxe5 30. Rxe5 Rd8 31. Rh5 Qc6 32. Rxh7 Re8 33. c3 Qg6 34.
Rh5 Re1+ 35. Rd1 b3 36. Qb1 Rxd1+ 37. Kxd1 Qxb1+ 38. Ke2 Qxb2+ 39. Ke3 Qxc3+
0-1

[Event "XXIV MEMORIAL J. KOCHANA"]
[Site "Koszalin"]
[Date "2013.08.17"]
[Round "9.22"]
[White "Stylinski, Piotr"]
[Black "Kedziera, Izydor"]
[Result "1-0"]
[WhiteElo "1576"]
[BlackElo "1512"]
[PlyCount "25"]
[EventDate "2013.??.??"]

1. d4 e6 2. c4 d6 3. Nc3 Be7 4. e4 h6 5. Nf3 a6 6. Be2 Bg5 7. O-O Bxc1 8. Rxc1
g5 9. h3 h5 10. Nh2 Qf6 11. Bxh5 Qh6 12. Bf3 e5 13. Bg4 1-0

[Event "XXIV MEMORIAL J. KOCHANA"]
[Site "Koszalin"]
[Date "2013.08.17"]
[Round "9.23"]
[White "Leszczewska, Edyta"]
[Black "Sowinski, Ryszard"]
[Result "0-1"]
[WhiteElo "1382"]
[BlackElo "1560"]
[PlyCount "60"]
[EventDate "2013.??.??"]

1. e4 d6 2. d4 g6 3. Nf3 Bg7 4. Nc3 c6 5. Bc4 e6 6. O-O Nf6 7. Bf4 b5 8. Bd3
O-O 9. Qd2 Nh5 10. Bh6 a6 11. Bxg7 Kxg7 12. e5 f5 13. Ng5 h6 14. Nh3 dxe5 15.
dxe5 g5 16. f4 Qd4+ 17. Kh1 g4 18. Ng1 Bb7 19. Nge2 Qd7 20. Qe3 Qe7 21. Ng3
Nxg3+ 22. Qxg3 c5 23. Rfd1 Nc6 24. Qf2 Rad8 25. Bf1 Nd4 26. Rac1 Rd7 27. Ne2
Nxe2 28. Qxe2 Rfd8 29. Kg1 Rd4 30. g3 Bf3 0-1

[Event "XXIV MEMORIAL J. KOCHANA"]
[Site "Koszalin"]
[Date "2013.08.17"]
[Round "9.24"]
[White "Kupiak, Sylwester"]
[Black "Ziobrowska, Danuta"]
[Result "1/2-1/2"]
[WhiteElo "1662"]
[BlackElo "1595"]
[PlyCount "101"]
[EventDate "2013.??.??"]

1. e4 c6 2. d4 d5 3. e5 Bf5 4. g4 Bd7 5. Bd3 e6 6. Be3 Qb6 7. b3 c5 8. c3 Nc6
9. Ne2 cxd4 10. cxd4 Bb4+ 11. Kf1 Qd8 12. a3 Be7 13. Kg2 Bg5 14. f4 Bh4 15.
Nbc3 a6 16. b4 g5 17. Qd2 h6 18. f5 f6 19. fxe6 Bxe6 20. Bg6+ Kf8 21. exf6 Nxf6
22. h3 Kg7 23. Bd3 Rf8 24. Rhf1 Qd6 25. Bf5 Bxf5 26. Rxf5 Ne7 27. Rf3 Qe6 28.
Raf1 Ne4 29. Qd3 Rxf3 30. Rxf3 Rf8 31. Rxf8 Kxf8 32. Nxe4 dxe4 33. Qb1 Nd5 34.
Qf1+ Kg7 35. Bg1 b5 36. Bf2 Bxf2 37. Qxf2 Qf6 38. Ng3 Nf4+ 39. Kh2 Qe6 40. Nf5+
Kg6 41. Qd2 Qb3 42. Ne3 Nd5 43. Nxd5 Qxd5 44. Qe3 Kf6 45. Kg2 Ke6 46. Kf2 Qa2+
47. Kg3 Qb1 48. d5+ Kxd5 49. Qc5+ Ke6 50. Qf5+ Kd6 51. Qc5+ 1/2-1/2

[Event "XXIV MEMORIAL J. KOCHANA"]
[Site "Koszalin"]
[Date "2013.08.17"]
[Round "9.25"]
[White "Krzywnicka, Maria"]
[Black "Trzeciakiewicz, Michal"]
[Result "0-1"]
[WhiteElo "1372"]
[BlackElo "1543"]
[PlyCount "64"]
[EventDate "2013.??.??"]

1. e4 e5 2. Nf3 Nc6 3. Bc4 Bc5 4. c3 Nf6 5. d3 O-O 6. Be3 Bb6 7. Nbd2 d6 8. Bb3
Bg4 9. O-O Kh8 10. Re1 Bxe3 11. Rxe3 d5 12. Bc2 dxe4 13. dxe4 Nh5 14. h3 Be6
15. Nb3 Qf6 16. Qf1 b6 17. Rd1 Nf4 18. Nc1 Rg8 19. b3 g5 20. g4 h5 21. Nh2 hxg4
22. hxg4 Kg7 23. Nd3 Rh8 24. Nxf4 exf4 25. Rh3 Rxh3 26. Qxh3 Rh8 27. Qf3 Ne5
28. Qg2 Qh6 29. f3 Qxh2+ 30. Qxh2 Nxf3+ 31. Kg2 Rxh2+ 32. Kxf3 Rxc2 0-1

[Event "XXIV MEMORIAL J. KOCHANA"]
[Site "Koszalin"]
[Date "2013.08.17"]
[Round "9.26"]
[White "Los, Kazimierz"]
[Black "Ciesielski, Jan"]
[Result "0-1"]
[WhiteElo "1388"]
[BlackElo "1268"]
[PlyCount "62"]
[EventDate "2013.??.??"]

1. d4 d5 2. g3 c5 3. Nf3 Nc6 4. Bg2 Bf5 5. a3 e6 6. Nc3 Nf6 7. Bf4 cxd4 8. Nb5
Rc8 9. Be5 Nxe5 10. Nxe5 Bxc2 11. Qxd4 Bc5 12. Qh4 Qa5+ 13. Nc3 d4 14. O-O dxc3
15. b4 Bxf2+ 16. Rxf2 Qxe5 17. Bxb7 Rc7 18. Bg2 Bg6 19. Bf3 c2 20. Rc1 Qe3 21.
Qf4 Qxf4 22. gxf4 O-O 23. Kg2 Ne4 24. Rff1 Nd2 25. Rf2 Nb3 26. Rff1 Nxc1 27.
Rxc1 Rd8 28. e3 Be4 29. Bxe4 Rd1 30. Rxc2 Rxc2+ 31. Bxc2 Rd2+ 0-1

[Event "XXIV MEMORIAL J. KOCHANA"]
[Site "Koszalin"]
[Date "2013.08.17"]
[Round "9.29"]
[White "Zukowska, Aleksandra"]
[Black "Wasilewska, Paula"]
[Result "1-0"]
[WhiteElo "1345"]
[BlackElo "1317"]
[PlyCount "91"]
[EventDate "2013.??.??"]

1. e4 e5 2. Nf3 d6 3. d4 exd4 4. Nxd4 Nf6 5. Nc3 Bd7 6. Be2 Nc6 7. Nb3 Be7 8.
O-O O-O 9. f4 Be6 10. f5 Bxb3 11. axb3 a6 12. g4 Nd7 13. Bf4 Bg5 14. Nd5 Bxf4
15. Rxf4 f6 16. Qd2 Nde5 17. Kh1 Ne7 18. Nxe7+ Qxe7 19. Qd5+ Qf7 20. Qxb7 a5
21. Rd1 Kh8 22. Qd5 Qe7 23. Rff1 h6 24. Ra1 c6 25. Qd2 Qc7 26. Rfd1 Rfd8 27. h3
Kh7 28. Kg2 Kh8 29. h4 d5 30. exd5 Rxd5 31. Qe3 Rxd1 32. Rxd1 Rd8 33. Ra1 Rd5
34. g5 hxg5 35. hxg5 fxg5 36. c4 Rd7 37. Qxg5 Nf7 38. Rh1+ Nh6 39. f6 c5 40.
fxg7+ Rxg7 41. Rxh6+ Kg8 42. Rg6 Qb7+ 43. Bf3 Rxg6 44. Qxg6+ Qg7 45. Bd5+ Kh8
46. Qxg7+ 1-0